Homeschooling the child with Asperger syndrome : real help for parents anywhere and on any budget /

Bibliographic Details
Main Author: Pyles, Lise, 1955-
Corporate Author: NetLibrary, Inc
Format: eBook
Language:English
Published: London ; New York : Jessica Kingsley Publishers, 2004.
Subjects:
Online Access:Connect to the full text of this electronic book

MARC

Tag First Indicator Second Indicator Subfields
LEADER 00000cam a22000004a 4500
001 in00002118607
005 20190326103900.0
006 m d
007 cr cnu---unuuu
008 050627s2004 enka sb 001 0 eng d
020 |a 1423710622 (electronic bk.) 
035 |a (OCoLC)ocm60745661 
040 |a N$T  |c N$T  |d UtOrBLW 
049 |a IICN 
050 1 4 |a RJ506.A9  |b P953 2004eb 
082 0 4 |a 371.92  |2 22 
100 1 |a Pyles, Lise,  |d 1955- 
245 1 0 |a Homeschooling the child with Asperger syndrome :  |b real help for parents anywhere and on any budget /  |c Lise Pyles. 
264 1 |a London ;  |a New York :  |b Jessica Kingsley Publishers,  |c 2004. 
300 |a 271 pages :  |b illustrations ;  |c 24 cm. 
336 |a text  |b txt  |2 rdacontent 
337 |a computer  |b c  |2 rdamedia 
338 |a online resource  |b cr  |2 rdacarrier 
504 |a Includes bibliographical references (pages 263-264) and index. 
505 0 |a Should you homeschool your child with Asperger syndrome? -- Developing your plan -- Some family models -- Where academics meets Asperger -- Unit studies -- Making your own learning tools -- The computer -- The older teen -- What else do I need to know? -- Final thoughts. 
533 |a Electronic reproduction.  |b Boulder, Colo. :  |c NetLibrary,  |d 2005.  |n Available via World Wide Web.  |n Access may be limited to NetLibrary affiliated libraries. 
500 |a Electronic resource. 
650 0 |a Asperger's syndrome. 
650 0 |a Asperger's syndrome  |x Patients  |x Education. 
650 0 |a Home schooling. 
650 0 |a Patient education. 
650 6 |a Asperger, Syndrome d' 
650 6 |a Asperger, Syndrome d'  |x Patients  |x Éducation. 
650 6 |a École à la maison. 
650 6 |a Éducation des patients. 
655 7 |a Electronic books.  |2 local 
710 2 |a NetLibrary, Inc. 
776 1 |c Original  |z 1843107619  |w (DLC) 2003025161  |w (OCoLC)53485409 
856 4 0 |u http://proxy.library.tamu.edu/login?url=http://www.netLibrary.com/urlapi.asp?action=summary&v=1&bookid=129927  |z Connect to the full text of this electronic book  |t 0 
994 |a 92  |b IIC 
999 |a MARS 
999 f f |s 3a132cc6-721e-3bfc-9fed-6b5d9252758d  |i 0678d756-81df-3f9c-8614-fb5d603f223a  |t 0 
952 f f |a Texas A&M University  |b College Station  |c Electronic Resources  |d Available Online  |t 0  |e RJ506.A9 P953 2004eb  |h Library of Congress classification 
998 f f |a RJ506.A9 P953 2004eb  |t 0  |l Available Online